Slovensko a internet v roku 2001 internet v živote, riadení a obchode organizácie
Saved in:
| Other Authors: | , |
|---|---|
| Format: | Book |
| Language: | Slovak |
| Published: |
Bratislava
EL&T Easy Learning & Teaching
2001
|
| Subjects: | |
| Tags: |
No Tags, Be the first to tag this record!
|
MARC
| LEADER | 00000nam a2200000 4500 | ||
|---|---|---|---|
| 001 | c128851 | ||
| 005 | 20221124104817.4 | ||
| 020 | |a 80-88812-14-3 | ||
| 041 | 0 | |a slo | |
| 044 | |a SK | ||
| 245 | 1 | 0 | |a Slovensko a internet v roku 2001 |b internet v živote, riadení a obchode organizácie |c [zostav. Soňa Makulová, Vladimír Burčík] |
| 264 | 1 | |a Bratislava |b EL&T Easy Learning & Teaching |c 2001 | |
| 300 | |a 133 s. | ||
| 610 | 2 | 0 | |a siete počítačové |
| 610 | 2 | 0 | |a obchod elektronický |
| 610 | 2 | 0 | |a podnikanie |
| 610 | 2 | 0 | |a realita virtuálna |
| 610 | 2 | 0 | |a služby |
| 610 | 2 | 0 | |a spoločnosť informačná |
| 610 | 2 | 0 | |a automatizácia |
| 610 | 2 | 0 | |a informatizácia |
| 610 | 2 | 0 | |a právo |
| 610 | 2 | 0 | |a Slovensko |
| 610 | 2 | 0 | |a 2001 |
| 610 | 2 | 0 | |a internet |
| 700 | 1 | |a Makulová, Soňa | |
| 700 | 1 | |a Burčík, Vladimír | |